Konstrukce výnosových křivek v pokrizovém období
Trhová hodnota derivátov a jej určenie po finančnej kríze. Zvýšené kreditné riziko derivátov hlavne z dôvodu rozšírenia swapovej základne. Odvodenie zľavových kriviek ktoré odrážajú "výroky" trhu.
Saved in:
| Main Author: | |
|---|---|
| Other Authors: | |
| Format: | Book Chapter |
| Language: | Czech |
| Subjects: | |
| Tags: |
No Tags, Be the first to tag this record!
|
MARC
| LEADER | 00000naa a2200000 4500 | ||
|---|---|---|---|
| 001 | 0184232 | ||
| 005 | 20231207125533.2 | ||
| 041 | 0 | |a cze | |
| 044 | |a CZ | ||
| 245 | 1 | 0 | |a Konstrukce výnosových křivek v pokrizovém období |c Jaroslav Baran, Jiří Witzany |
| 520 | |a Trhová hodnota derivátov a jej určenie po finančnej kríze. Zvýšené kreditné riziko derivátov hlavne z dôvodu rozšírenia swapovej základne. Odvodenie zľavových kriviek ktoré odrážajú "výroky" trhu. | ||
| 610 | 2 | 0 | |a deriváty |
| 610 | 2 | 0 | |a indexy |
| 610 | 2 | 0 | |a výnosy z činnosti obchodnej |
| 610 | 2 | 0 | |a kríza finančná |
| 610 | 2 | 0 | |a swap |
| 100 | 1 | |a Baran, Jaroslav | |
| 700 | 1 | |a Witzany, Jiří | |